000 00743nam a2200205 i 4500
001 bg
100 1 _aSKARZYŃSKI, Andrzej
245 0 _aTechnologiczno-organizacyjne podstawy realizacji wielokondygnacyjnego budownictwa monolitycznego w przestawnych urządzeniach formujących /
_cAndrzej Skarzyński.
260 _aPoznań :
_bWydaw. PP,
_c1992.
300 _a232 s. :
_brys., wykr. ;
_c24 cm.
490 1 _aRozprawy / Politechnka Poznańska,
_x0551-6528 ;
_vnr 263
504 _aBibliogr. s. 223-230.
710 _aPolitechnika Poznańska (Poznań)
830 0 _aRozprawy (Politechnka Poznańska) ;
_vnr 263
040 _cBPK
041 _apol
080 _a69.057:69.002.5
942 _cKS
008 s pl f |000 0 pol
999 _c30012
_d30012
856 _uhttp://koha.tu.koszalin.pl/cgi-bin/koha/opac-detail.pl?biblionumber=30012
_yKatalog online BPK